Rubrics for portfolio assessment in the Rizal course/ (Record no. 364429)
[ view plain ]
| 000 -LEADER | |
|---|---|
| fixed length control field | 00374nam a2200109Ia 4500 |
| 008 - FIXED-LENGTH DATA ELEMENTS--GENERAL INFORMATION | |
| fixed length control field | 200922s9999 xx 000 0 und d |
| 100 ## - MAIN ENTRY--PERSONAL NAME | |
| Personal name | Fadul, Jose A. |
| 245 ## - TITLE STATEMENT | |
| Statement of responsibility, etc | Jose A. Fadul |
| Title | Rubrics for portfolio assessment in the Rizal course/ |
| 260 ## - PUBLICATION, DISTRIBUTION, ETC. (IMPRINT) | |
| Place of publication, distribution, etc | Manila: |
| Name of publisher, distributor, etc | DLSU Press, Inc. |
| Date of publication, distribution, etc | 2005 |
| 300 ## - PHYSICAL DESCRIPTION | |
| Extent | vii, 127 pages |
| Dimensions | 21 cm. |
| 650 ## - SUBJECT ADDED ENTRY--TOPICAL TERM | |
| Topical term or geographic name as entry element | Rizal, Jose. 1861-1896 -- study and teaching |
| Withdrawn status | Lost status | Damaged status | Home library | Current library | Shelving location | Date acquired | Source of acquisition | Total Checkouts | Full call number | Barcode | Date last seen | Price effective from | Koha item type |
|---|---|---|---|---|---|---|---|---|---|---|---|---|---|
| College Library | College Library | Filipiniana Section | 09/22/2020 | DS 675.8.R5 .F3 2005 | C22515 | 09/22/2020 | 09/22/2020 | Books |